000 00370nam a22001577a 4500
003 MPLRDC
005 20220104114435.0
008 210129b ||||| |||| 00| 0 eng d
082 _a857.63 CKL v.87
100 _a岑凯伦
245 _a偶遇
_c
260 _a
_b明屋出版社
_c1979
300 _b
650 _a短篇小说--别集
942 _cBK
_o857.63 CKL v.87
999 _c7492
_d7482